<?xml version="1.0" encoding="UTF-8"?><?xml-stylesheet type="text/xsl" href="static/style.xsl"?><OAI-PMH xmlns="http://www.openarchives.org/OAI/2.0/" xmlns:xsi="http://www.w3.org/2001/XMLSchema-instance" xsi:schemaLocation="http://www.openarchives.org/OAI/2.0/ http://www.openarchives.org/OAI/2.0/OAI-PMH.xsd"><responseDate>2026-06-29T08:02:32Z</responseDate><request verb="GetRecord" identifier="oai:docta.ucm.es:20.500.14352/130316" metadataPrefix="marc">https://docta.ucm.es/rest/oai/request</request><GetRecord><record><header><identifier>oai:docta.ucm.es:20.500.14352/130316</identifier><datestamp>2026-01-16T01:13:09Z</datestamp><setSpec>com_20.500.14352_14</setSpec><setSpec>col_20.500.14352_15</setSpec></header><metadata><record xmlns="http://www.loc.gov/MARC21/slim" xmlns:dcterms="http://purl.org/dc/terms/" xmlns:xsi="http://www.w3.org/2001/XMLSchema-instance" xmlns:doc="http://www.lyncode.com/xoai" xsi:schemaLocation="http://www.loc.gov/MARC21/slim http://www.loc.gov/standards/marcxml/schema/MARC21slim.xsd">
   <leader>00925njm 22002777a 4500</leader>
   <datafield ind2=" " ind1=" " tag="042">
      <subfield code="a">dc</subfield>
   </datafield>
   <datafield ind2=" " ind1=" " tag="720">
      <subfield code="a">Pinilla Cañadas, María Scheherezade</subfield>
      <subfield code="e">author</subfield>
   </datafield>
   <datafield ind2=" " ind1=" " tag="720">
      <subfield code="a">Arias Careaga, Raquel</subfield>
      <subfield code="e">author</subfield>
   </datafield>
   <datafield ind2=" " ind1=" " tag="720">
      <subfield code="a">Fernández Cordero, Carolina</subfield>
      <subfield code="e">author</subfield>
   </datafield>
   <datafield ind2=" " ind1=" " tag="720">
      <subfield code="a">George, David R. Jr.</subfield>
      <subfield code="e">author</subfield>
   </datafield>
   <datafield ind2=" " ind1=" " tag="260">
      <subfield code="c">2023</subfield>
   </datafield>
   <datafield ind2=" " ind1=" " tag="520">
      <subfield code="a">En este trabajo colectivo creemos seguir la estela de Zambrano cuando afirmamos que la Historia es el centro de gravedad del mundo galdosiano; y entendemos, que no hay contradicción en el aparente descentramiento, ya que la misma pensadora reconoce que cada aventura individual -la de Nina, la de Claudio Bozmediano, la de Pepe Rey, la de Tristana, la de Torquemada, la de Casandra, la de Carlos de Tarsis, la de Monsalud, la del doctor Centeno, o la de Tito Liviano…—arrastra consigo la Historia de España. Nos interesan los contextos, los movimientos literarios y las ideas del momento, las recepciones. Los modos en que la obra de Galdós se nos ofrece a la manera de una totalidad abierta; capaz, como prueba Raquel Arias Careaga en “La dimensión histórica de España en El caballero encantado”, de trabajar para transmitir las condiciones de su comprensión. Nos interesan, asimismo, sus textos, sus paratextos y sus diversas ediciones en la medida en que, como demuestra David George Jr en  “La visualización de la historia y la ficción en la edición ilustrada de los Episodios Nacionales”, la forma material de un esfuerzo literario que permite profundizar en el maridaje de historia y ficción. También nos interesa el modo crítico-inventivo de su relación con el siglo; pues, como nos explica Carolina Fernández Cordero en “Prim y La de los tristes destinos, dos Episodios Nacionales para pensar la revolución”, las políticas del escritor transforman las políticas de la literatura.</subfield>
   </datafield>
   <datafield ind1="8" ind2=" " tag="024">
      <subfield code="a">0569-9924</subfield>
   </datafield>
   <datafield ind1="8" ind2=" " tag="024">
      <subfield code="a">10.1353/ang.2023.a914814</subfield>
   </datafield>
   <datafield ind1="8" ind2=" " tag="024">
      <subfield code="a">https://hdl.handle.net/20.500.14352/130316</subfield>
   </datafield>
   <datafield ind1="8" ind2=" " tag="024">
      <subfield code="a">2161-301X</subfield>
   </datafield>
   <datafield ind1="8" ind2=" " tag="024">
      <subfield code="a">https://muse.jhu.edu/issue/49491</subfield>
   </datafield>
   <datafield ind2="0" ind1="0" tag="245">
      <subfield code="a">Dosier "Galdós y la historia"</subfield>
   </datafield>
</record></metadata></record></GetRecord></OAI-PMH>